| 000 | 00443nam a22001697a 4500 | ||
|---|---|---|---|
| 003 | BD-ChCU | ||
| 005 | 20251202135351.0 | ||
| 008 | 251202b bg ||||| |||| 00| 0 ben d | ||
| 040 | _cBD-ChCU | ||
| 082 | _a910.4 STT | ||
| 100 |
_aStaden, Hans. _917348 |
||
| 245 |
_aThe true history of his captivity 1557,// _cHans Staden. |
||
| 260 |
_aLondon _bRoutledge, _c1928 |
||
| 300 | _axix, 191p | ||
| 650 | 0 |
_aTravel. _917349 |
|
| 942 |
_2ddc _cBK _n0 |
||
| 999 |
_c110062 _d110062 |
||